| 000 -LEADER |
| fixed length control field |
01356nam a2200229Ia 4500 |
| 001 - CONTROL NUMBER |
| control field |
11107 |
| 003 - CONTROL NUMBER IDENTIFIER |
| control field |
GE_BSU |
| 008 - FIXED-LENGTH DATA ELEMENTS--GENERAL INFORMATION |
| fixed length control field |
181216s||||||||xx |||||||||||||| ||und|| |
| 040 ## - CATALOGING SOURCE |
| Transcribing agency |
GE_BSU |
| 080 ## - UNIVERSAL DECIMAL CLASSIFICATION NUMBER |
| Universal Decimal Classification number |
502(038)+58(038) |
| 100 ## - MAIN ENTRY--PERSONAL NAME |
| Personal name |
ბაგრატიონი,იოანე |
| 245 ## - TITLE STATEMENT |
| Title |
საბუნებისმეტყველო განმარტებითი ლექსიკონი |
| 245 ## - TITLE STATEMENT |
| Statement of responsibility, etc. |
ტექსტი გამოსაცემად მოამზადეს,გამოკვლევა და საძიებლები დაურთეს თინა ენუქიძემ და ნანა კიკნაძემ. რედ.გ.მჭედლიძე, ალ.ღლონტი; მხატვ.გ.ლომიძე. |
| 260 ## - PUBLICATION, DISTRIBUTION, ETC. |
| Place of publication, distribution, etc. |
თბილისი. |
| 260 ## - PUBLICATION, DISTRIBUTION, ETC. |
| Name of publisher, distributor, etc. |
მეცნიერება. |
| 260 ## - PUBLICATION, DISTRIBUTION, ETC. |
| Date of publication, distribution, etc. |
1986. |
| 300 ## - PHYSICAL DESCRIPTION |
| Extent |
278გვ;22სმ. |
| 300 ## - PHYSICAL DESCRIPTION |
| Accompanying material |
საძიებლები.გვ:225-269. |
| 520 ## - SUMMARY, ETC. |
| Summary, etc. |
საქ-ს სსრ.მეცნ.აკადემია. ბუნებისმეტყველებისა და ტექნიკის ისტორიკოსთა საბჭო. |
| 653 ## - INDEX TERM--UNCONTROLLED |
| Uncontrolled term |
საბუნებისმეტყველო განმარტებითი ლექსიკონი |
| 942 ## - ADDED ENTRY ELEMENTS (KOHA) |
| Koha item type |
წიგნი |